00581nam a2200193 a 4500001001300000003000900013005001700022008004100039020001000080082001700090100001900107245007500126260003800201500003500239505001000274505007300284650001100357700001900368nice12345678IN_TiNIC20260116013728.0050524s1994 dela grp 000 0 eng  ac80000a297.124bFAZ aFazlul Karim,  aAl-Hadis (an English Translation and Commentary of Mishkat-Ul-masabih) aDelhibIslamic Book Servicec1994 aincludes index and biblioraphy2 aIndex2 aIndex00gV1.tAl-Hadis.--gV2.tAl-Hadis.--gV3.tAl-Hadis.--gV4.t aHadith1 aFazlul Karim,